| 000 | 00741cam a22002533a 4500 | ||
|---|---|---|---|
| 001 | 18686 | ||
| 003 | PGUSA | ||
| 005 | 20140828083410.0 | ||
| 008 | 060626s2006||||xxu|||||s|||||000 1 eng d | ||
| 040 |
_aPGUSA _beng |
||
| 042 | _adc | ||
| 050 | 4 | _aPZ | |
| 100 | 1 |
_aWarner, Susan, _d1819-1885 |
|
| 245 | 1 | 0 |
_aMelbourne House _h[electronic resource] / _cSusan Warner |
| 260 |
_bProject Gutenberg, _c2006 |
||
| 506 | _aPublic domain in the USA. | ||
| 516 | _aElectronic text | ||
| 653 | _aChildren -- Religious life -- Juvenile fiction | ||
| 653 | _aTableaux -- Juvenile fiction | ||
| 653 | _aChristian life -- Juvenile fiction | ||
| 830 | 0 |
_aProject Gutenberg _v18686 |
|
| 856 | 4 | 0 | _uhttp://www.gutenberg.org/ebooks/18686 |
| 942 | _cEB | ||
| 999 |
_c247941 _d247941 |
||